| 000 | 01518cam a2200325 a 4500 | ||
|---|---|---|---|
| 999 |
_c642 _d642 |
||
| 001 | .b1738347x | ||
| 003 | OCoLC | ||
| 005 | 20190910113104.0 | ||
| 008 | 120718s2012 enka 000 0 eng | ||
| 010 | _a2012418336 | ||
| 020 |
_a9781107604681 _q(pbk.) : |
||
| 035 | _a(OCoLC)794295700 | ||
| 040 |
_aDLC _beng _cDLC _dNTOU |
||
| 042 | _anbic | ||
| 082 | _a530.1 GAM | ||
| 100 | 1 |
_aGamow, George. _eauthor |
|
| 245 | 1 | 0 |
_aMr. Tompkins in paperback / _cby George Gamow ; illustrated by the author and John Hookham. |
| 250 | _aCanto ed. | ||
| 260 |
_aCambridge ; _aNew York : _bCambridge University Press, _c2012. |
||
| 300 |
_axvi, 185 pages : _billustrations ; _c22 cm. |
||
| 336 |
_atext _btxt _2rdacontent. |
||
| 337 |
_aunmediated _bn _2rdamedia. |
||
| 338 |
_avolume _bnc _2rdacarrier. |
||
| 490 | 1 | _aCanto classics. | |
| 520 | _aSince his first appearance over sixty years ago, Mr Tompkins has become known and loved by many thousands of readers as the bank clerk whose fantastic dreams and adventures lead him into a world inside the atom. George Gamow's classic provides a delightful explanation of the central concepts in modern physics, from atomic structure to relativity, and quantum theory to fusion and fission. Roger Penrose's foreword introduces Mr Tompkins to a new generation of readers and reviews his adventures in light of recent developments in physics. | ||
| 650 | 0 | _aPhysics. | |
| 700 |
_aHookham, John _eIllustrator |
||
| 700 |
_aPenrose, Roger _eWriter of foreword |
||
| 942 |
_2ddc _cNFIC |
||